Труды Аральской научной рыбо-хозяйственной станции. Т. 3 (Запись № 13597281)

Подробности
000 -МАРКЕР
контрольное поле 01648nam2a2200277 4500
001 - ИДЕНТИФИКАТОР ЗАПИСИ
контрольное поле rc\2931447
005 - ИДЕНТИФИКАТОР ВЕРСИИ
контрольное поле 20260315055159.0
035 ## - ДРУГИЕ СИСТЕМНЫЕ НОМЕРА
Идентификатор записи (NLR Aleph) 007080835
100 ## - ДАННЫЕ ОБЩЕЙ ОБРАБОТКИ
Данные общей обработки 20110819d1934 u y0rusy50 ca
101 0# - ЯЗЫК РЕСУРСА
Язык текста, звукозаписи и т.д. русский
102 ## - СТРАНА ПУБЛИКАЦИИ ИЛИ ПРОИЗВОДСТВА
Страна публикации Российская Федерация
105 ## - ПОЛЕ КОДИРОВАННЫХ ДАННЫХ: ТЕКСТОВЫЕ МАТЕРИАЛЫ, МОНОГРАФИЧЕСКИЕ
Кодированные данные о монографическом текстовом документе ab z |||||
200 0# - ЗАГЛАВИЕ И СВЕДЕНИЯ ОБ ОТВЕТСТВЕННОСТИ
Основное заглавие Т. 3
210 ## - ПУБЛИКАЦИЯ, РАСПРОСТРАНЕНИЕ И ДР.
Дата издания, распространения и т.д. 1934
215 ## - ФИЗИЧЕСКАЯ ХАРАКТЕРИСТИКА
Специфическое обозначение материала и объем 206 с., 5 л. карт. и табл.
Другие сведения о физической характеристике ил., табл., диагр., карт.
300 ## - ОБЩИЕ ПРИМЕЧАНИЯ
Текст примечания Загл.: Труды Аральского отделения Всесоюзного интситута морского рыбного хозяйства
300 ## - ОБЩИЕ ПРИМЕЧАНИЯ
Текст примечания Резюме на нем. яз.
320 ## - ПРИМЕЧАНИЯ О НАЛИЧИИ В ДОКУМЕНТЕ БИБЛИОГРАФИИ / УКАЗАТЕЛЯ
Текст примечания Библиогр.: "Литература" с конце
461 #0 - УРОВЕНЬ НАБОРА
Встроенное поле 001rc\2931445
-- 2000#$aТруды Аральской научной рыбо-хозяйственной станции$fРед. коллегия: А.Л. Бенинг, В.П. Курмаев, М.И. Маркун, С.И. Ягудина$gНар. ком. снабжения Главрыба$vТ. 3
Системный номер (АБИС) связанной записи 6475372
Автор Всесоюзный научно-исследовательский институт морского рыбного хозяйства и океанографии. Аральское отделение
Место публикации Аральск
Дата публикации 1933
Первые сведения об ответственности Ред. коллегия: А.Л. Бенинг, В.П. Курмаев, М.И. Маркун, С.И. Ягудина
Имя издателя, распространителя и т.д. Б. и.
Сведения, относящиеся к заглавию Т. 1-
Заглавие Труды Аральской научной рыбо-хозяйственной станции
Номер тома Т. 3
801 #0 - ИСТОЧНИК ЗАПИСИ
Страна Российская Федерация
Организация NLR
Правила каталогизации psbo
801 #1 - ИСТОЧНИК ЗАПИСИ
Страна Российская Федерация
Организация ELAR
Источник данных rusmarc
852 ## - МЕСТОНАХОЖДЕНИЕ И ШИФР ХРАНЕНИЯ
Идентификатор организации NLR
Шифр хранения (Call Number) 33-17/468(3)
942 ## - ДОПОЛНИТЕЛЬНЫЕ ЭЛЕМЕНТЫ ЗАПИСИ (АБИС)
Тип экземпляра АБИС Неопределено
980 ## - КОЛЛЕКЦИЯ
Название коллекции Национальная библиография

Нет доступных экземпляров.